The Face of Fake Science: Four Episodes for Reflection
Táto kapitola predstavuje komplexný prieskum predátorských vedeckých praktík na Ukrajine so zameraním na taktiky, ktoré používajú tí, ktorí sa živia nič netušiacimi vedcami. Prostredníctvom kombinácie deskriptívnej analýzy a osobných skúseností sa autor snaží odhaliť vykorisťovateľskú povahu týchto...
Enregistré dans:
| Auteur principal: | |
|---|---|
| Format: | Chapitre de livre |
| Langue: | anglais |
| Sujets: | |
| Tags: |
Pas de tags, Soyez le premier à ajouter un tag!
|
MARC
| LEADER | 00000naa$a2200000$$$4500 | ||
|---|---|---|---|
| 001 | 0314495 | ||
| 005 | 20260123103732.8 | ||
| 041 | 0 | |a eng | |
| 044 | |a CH | ||
| 245 | 1 | 0 | |a The Face of Fake Science: Four Episodes for Reflection |c Artem Artiukhov |
| 520 | |a Táto kapitola predstavuje komplexný prieskum predátorských vedeckých praktík na Ukrajine so zameraním na taktiky, ktoré používajú tí, ktorí sa živia nič netušiacimi vedcami. Prostredníctvom kombinácie deskriptívnej analýzy a osobných skúseností sa autor snaží odhaliť vykorisťovateľskú povahu týchto praktík a varovať vedcov pred tým, aby sa nestali ich obeťami. | ||
| 610 | 2 | 0 | |a etika |
| 610 | 2 | 0 | |a veda |
| 610 | 2 | 0 | |a vzdelávanie |
| 610 | 2 | 0 | |a činnosť publikačná |
| 610 | 2 | 0 | |a integrita akademická |
| 100 | 1 | |a Artiukhov, Artem, 1983- | |